| 000 | 00428nam a2200145Ia 4500 | ||
|---|---|---|---|
| 999 |
_c534313 _d534313 |
||
| 005 | 20200213115420.0 | ||
| 008 | 190125s9999 xx 000 0 und d | ||
| 040 | _cMUHAMMAD SOHAIL | ||
| 082 | _a891.4393 | ||
| 100 |
_aNaseem Hijazi - نسیم حجازی _928460 |
||
| 245 |
_aMuhammad bin Qasim ....محمد بن قاسم - _h |
||
| 260 |
_bJhangir Books _aLahore _c2007 |
||
| 300 |
_a399,p. : _c21cm _eHB |
||
| 942 |
_2ddc _cBK |
||